Principles and Practice of Analytical Chemistry

Bibliographic Details
Main Authors: Fifield, F.W, Kealey, D.
Format: Section = Libro
Language:Undetermined
Spanish
Published: Great Britain International Texbook 1975
Subjects:
LEADER 00559nam a2200205Ia 4500
008 240830s9999 xx 000 0 und d
020 |a 0-7002-0257-9 
040 |a CEDOC FIQ-RUSB / 543 F469 
041 |a spa 
082 |a 543 F469 
100 1 |a Fifield, F.W 
100 1 |b Kealey, D. 
245 1 0 |a Principles and Practice of Analytical Chemistry 
260 |a Great Britain  |b International Texbook  |c 1975 
300 |a 378 p.: il. 
650 7 |a QUÍMICA ANALíTICA 
650 7 |b  PH, COMPLEJACIÓN Y SOLUBILIDAD 
942 |c BK  |2 ddc 
991 |a TEXTO 
999 |c 13730